Hướng dẫn phát hành quản lý sử dụng hóa đơn
Saved in:
| Main Author: | |
|---|---|
| Format: | Book |
| Language: | Undetermined |
| Published: |
H.
Lao Động
2003
|
| Subjects: | |
| Tags: |
Add Tag
No Tags, Be the first to tag this record!
|
| Institutions: | Trung tâm Học liệu Trường Đại học Cần Thơ |
|---|
| LEADER | 00513nam a2200181Ia 4500 | ||
|---|---|---|---|
| 001 | CTU_59177 | ||
| 008 | 210402s9999 xx 000 0 und d | ||
| 020 | |b 35500 | ||
| 082 | |a 346.597096 | ||
| 082 | |b L431 | ||
| 100 | |a Nguyễn Thành Long | ||
| 245 | 0 | |a Hướng dẫn phát hành quản lý sử dụng hóa đơn | |
| 260 | |a H. | ||
| 260 | |b Lao Động | ||
| 260 | |c 2003 | ||
| 650 | |a negotiable instruments | ||
| 904 | |i Minh | ||
| 980 | |a Trung tâm Học liệu Trường Đại học Cần Thơ | ||